| 000 | 00924nac a22002537a 4500 | ||
|---|---|---|---|
| 001 | BR8503664 | ||
| 003 | BR-BrBNA | ||
| 005 | 20240105120339.0 | ||
| 008 | 230509b bl.|||m| |||| 00| 0 por d | ||
| 040 |
_aBR-BrBNA _bpor _cBiblioteca Nacional de Agricultura |
||
| 072 | _aE11 | ||
| 090 | _aE11 BR8503664 | ||
| 100 | 1 | _aBrites, R.S. | |
| 110 | 1 |
_aComissao Executiva do Plano da Lavoura Cacaueira, Ilheus, BA (Brasil). Depto. de Educacao _92111 |
|
| 245 | 1 | _aDivisao de propriedades rurais em quadras. Aspectos tecnicos e beneficios a administracao rural [Brasil] | |
| 260 | 3 |
_aIlheus, BA (Brasil): _c1985. |
|
| 300 | _a25 p. | ||
| 490 |
_aSerie Didatica - Comissao Executiva do Plano da Lavoura Cacaueira. Depto. de Educacao (Brazil) _vno. 3 _x |
||
| 650 | _aPROPRIEDADE RURAL | ||
| 650 | _aLEVANTAMENTO TOPOGRAFICO | ||
| 650 | _aBAHIA | ||
| 909 |
_a202312 _bLúcia Elande _c55 _dLúcia Elande |
||
| 942 |
_2AGRIS _n0 _cMS |
||
| 999 |
_c279004 _d279004 |
||